| 000 | 00894nmc a2200301 a 4500 | ||
|---|---|---|---|
| 003 | AR-BaBNM | ||
| 005 | 20251128204837.0 | ||
| 008 | 011101s1995 ||||||||||||||000 | spa|| | ||
| 020 | _a950-46-0303-3 | ||
| 040 | _cAR-BaBNM | ||
| 100 | 1 | _aMérega, Herminia | |
| 245 | 1 | 0 |
_a100 respuestas sobre la transformación educativa _bentrevista a Inés Aguerrondo |
| 246 | 1 | _aCien respuestas sobre la transformación educativa | |
| 260 |
_aBuenos Aires _bSantillana _c1995 |
||
| 300 | 0 | _a103 p. | |
| 490 | 0 | _aAula XXI | |
| 650 | 4 | _aPOLITICA EDUCATIVA | |
| 650 | 4 | _aFORMACION PROFESIONAL | |
| 653 | _aINNOVACIONES EDUCATIVAS | ||
| 653 | _aREFORMA EDUCATIVA | ||
| 653 | _aEDUCACION GENERAL BASICA | ||
| 653 | _aEDUCACION POLIMODAL | ||
| 653 | _aLEY FEDERAL DE EDUCACION | ||
| 653 | _aESTRATEGIAS EDUCATIVAS | ||
| 800 | 1 |
_aMérega, Herminia _edirector |
|
| 942 | _cBK | ||
| 998 | _cCarmen | ||
| 999 |
_c9008 _d9008 |
||